000
00450nam a2200181Ia 4500
008
090124s9999 xx 000 0 und d
082
_b
121921
100
_a
वैद्य सुरेश.
245
_a
नकळत
250
_a
1
260
_c
1987
300
_a
206
600
_a
वैद्य सुरेश.
630
_a
नकळत
700
_a
वैद्य सुरेश.
730
_a
नकळत
942
_c
BOOK
999
_c
168007
_d
168007